[Event "Bundesliga 9697"]
[Site "Germany"]
[Date "1997.??.??"]
[Round "?.1"]
[White "Kramnik, Vladimir"]
[Black "Adams, Michael"]
[Result "1/2-1/2"]
[WhiteElo "2740"]
[BlackElo "2660"]
[PlyCount "90"]
[EventDate "1996.10.??"]
[Source "ChessBase"]
[SourceDate "1999.07.01"]

1. Nf3 Nf6 2. c4 e6 3. Nc3 d5 4. d4 c5 5. cxd5 cxd4 6. Qxd4 Nxd5 7. e4 Nxc3 8. Qxc3 Nc6 9. Bb5 Bd7 10. O-O Qb6 11. a4 Qc5 12. Qd3 Qd6 13. Qe2 a6 14. e5 Qc7 15. Bd3 Nb4 16. Be4 Bc6 17. Bd2 Bxe4 18. Qxe4 Nd5 19. Rfc1 Qd7 20. Rc4 Be7 21. Qg4 Kf8 22. Rac1 h5 23. Qd4 Qd8 24. h4 g6 25. Bg5 Kg7 26. Qd2 Bxg5 27. Nxg5 Qe7 28. Qe2 b5 29. axb5 axb5 30. Rc6 b4 31. Qf3 Ra2 32. Rd1 Rha8 33. Rc2 Ra1 34. Kh2 Rxd1 35. Qxd1 Ra7 36. Rc6 Rc7 37. Ra6 Qc5 38. Qe2 b3 39. Ra8 Qd4 40. Nf3 Qf4+ 41. g3 Rc2 42. gxf4 Rxe2 43. Ra7 Rxf2+ 44. Kg3 Rxb2 45. Ng5 Rc2 1/2-1/2

[Event "FIDE World Cup-B"]
[Site "Shenyang"]
[Date "2000.09.03"]
[Round "3"]
[White "Ivanchuk, Vassily"]
[Black "Xu Jun"]
[Result "1/2-1/2"]
[WhiteElo "2719"]
[BlackElo "2668"]
[PlyCount "67"]
[EventDate "2000.08.01"]
[Source "ChessBase"]
[SourceDate "2000.11.21"]

1. Nf3 c5 2. c4 Nf6 3. Nc3 Nc6 4. g3 d5 5. d4 e6 6. cxd5 Nxd5 7. Bg2 Be7 8. O-O O-O 9. e4 Nb6 10. dxc5 Qxd1 11. Rxd1 Bxc5 12. e5 Nc4 13. Na4 Be7 14. Bf4 f6 15. Rac1 N4xe5 16. Nxe5 Nxe5 17. Bxe5 fxe5 18. Nc5 Bg5 19. Rc2 Rb8 20. Bh3 Rd8 21. Rxd8+ Bxd8 22. Bxe6+ Bxe6 23. Nxe6 Bb6 24. Ng5 h6 25. Ne4 Rd8 26. Kg2 Kf7 27. h4 Ke6 28. h5 Kf5 29. f3 Rd1 30. Re2 Rg1+ 31. Kh2 Rf1 32. Nd2 Rc1 33. g4+ Kf4 34. Re4+ 1/2-1/2

[Event "Keres mem rap"]
[Site "Tallinn"]
[Date "2002.01.06"]
[Round "7"]
[White "Van Wely, Loek"]
[Black "Khalifman, Alexander"]
[Result "1/2-1/2"]
[WhiteElo "2697"]
[BlackElo "2688"]
[PlyCount "48"]
[EventDate "2002.01.05"]
[Source "ChessBase"]
[SourceDate "2002.03.21"]

1. Nf3 Nf6 2. c4 e6 3. Nc3 c5 4. g3 d5 5. cxd5 Nxd5 6. Bg2 Nc6 7. O-O Be7 8. d4 O-O 9. e4 Nb6 10. d5 exd5 11. Nxd5 Bg4 12. h3 Be6 13. Nxe7+ Qxe7 14. b3 a5 15. Bb2 a4 16. Qc2 Rfd8 17. Rac1 axb3 18. axb3 Ra2 19. Qc3 f6 20. Rfd1 c4 21. Rxd8+ Qxd8 22. bxc4 Nxc4 23. Ba1 b5 24. Qb3 Qa5 1/2-1/2

[Event "Wijk aan Zee 83/422"]
[Site "?"]
[Date "2002.??.??"]
[Round "?"]
[White "Lautier, J."]
[Black "Kasimdzhanov, R."]
[Result "1-0"]
[WhiteElo "2687"]
[BlackElo "2695"]
[PlyCount "87"]
[EventDate "2002.??.??"]
[Source "Chess Informant"]
[SourceDate "2001.10.01"]

1. d4 Nf6 2. c4 e6 3. Nc3 d5 4. cxd5 Nxd5 5. e4 Nxc3 6. bxc3 c5 7. Nf3 cxd4 8. cxd4 Bb4+ 9. Bd2 Bxd2+ 10. Qxd2 O-O 11. Bc4 Nc6 12. O-O b6 13. Rad1 Na5 14. Bd3 Bb7 15. d5 Qe7 16. Rfe1 Rad8 17. Nd4 g6 18. Qh6 e5 19. Nc2 Bc8 20. Qd2 Nb7 21. Nb4 Bd7 22. Ba6 Nc5 23. Bc4 Qd6 24. Nd3 Rc8 25. Rc1 Rc7 26. Nxc5 Rxc5 27. Ba6 Rb8 28. Rxc5 bxc5 29. Bc4 Rb4 30. Rc1 a6 31. a3 Rb8 32. Qc3 Kf8 33. h3 f6 34. Be2 Rc8 35. Qa5 Ke7 36. Qd2 c4 37. Rc3 Qb6 38. Qh6 Kd6 39. Qg7 Qd8 40. Qxh7 Qa5 41. Rf3 Qe1+ 42. Bf1 f5 43. Qxg6+ Kc5 44. Qg7 1-0

[Event "Eurotel Trophy"]
[Site "Prague"]
[Date "2002.04.28"]
[Round "1.2"]
[White "Anand, Viswanathan"]
[Black "Timman, Jan H"]
[Result "1-0"]
[WhiteElo "2752"]
[BlackElo "2616"]
[PlyCount "43"]
[EventDate "2002.04.28"]
[Source "ChessBase"]
[SourceDate "2002.08.12"]

1. Nf3 Nf6 2. c4 c5 3. g3 Nc6 4. Nc3 d5 5. d4 e6 6. cxd5 Nxd5 7. Bg2 Be7 8. O-O O-O 9. Nxd5 exd5 10. dxc5 Bxc5 11. Bg5 f6 12. Bd2 Bf5 13. b4 Bb6 14. b5 Ne7 15. Bb4 Be4 16. Bh3 Kh8 17. Nd4 Re8 18. a4 Bxd4 19. Qxd4 Nf5 20. Qd2 Qb6 21. Rac1 Nd4 22. a5 1-0

[Event "Linares (m/1)"]
[Site "?"]
[Date "1987.??.??"]
[Round "?"]
[White "Sokolov, A."]
[Black "Karpov, A."]
[Result "1/2-1/2"]
[WhiteElo "2645"]
[BlackElo "2710"]
[PlyCount "70"]
[EventDate "1987.??.??"]
[Source "ChessBase"]
[SourceDate "1987.01.01"]

1. e4 c6 2. c4 d5 3. cxd5 cxd5 4. exd5 Nf6 5. Nc3 Nxd5 6. Nf3 e6 7. d4 Be7 8. Bc4 O-O 9. O-O Nc6 10. Re1 a6 11. Bb3 Nxc3 12. bxc3 b5 13. Qd3 Ra7 14. Bc2 g6 15. Bh6 Re8 16. Qe3 Rd7 17. h4 Bf6 18. Bg5 Bb7 19. Qf4 Bxg5 20. Nxg5 Qc7 21. Qf6 Nxd4 22. Bxg6 hxg6 23. cxd4 Rd5 24. Rac1 Qd7 25. Rc5 Qe7 26. Rxe6 Qxf6 27. Rxf6 Rd7 28. a3 Kg7 29. Rb6 Re2 30. Rc3 Rd2 31. Nf3 Bxf3 32. Rxf3 R2xd4 33. Rxa6 Rxh4 34. g3 Rh5 35. Kg2 Rhd5 1/2-1/2

[Event "Amber-blind 7th"]
[Site "Monte Carlo"]
[Date "1998.03.17"]
[Round "5"]
[White "Topalov, Veselin"]
[Black "Van Wely, Loek"]
[Result "1-0"]
[WhiteElo "2740"]
[BlackElo "2605"]
[PlyCount "91"]
[EventDate "1998.03.13"]
[Source "ChessBase"]
[SourceDate "1998.04.29"]

1. Nf3 Nf6 2. c4 e6 3. Nc3 d5 4. d4 c5 5. cxd5 Nxd5 6. e4 Nxc3 7. bxc3 cxd4 8. cxd4 Bb4+ 9. Bd2 Bxd2+ 10. Qxd2 O-O 11. Bc4 Nc6 12. O-O b6 13. Rad1 Bb7 14. Rfe1 Rc8 15. h4 h6 16. Qf4 Qf6 17. Qg3 Na5 18. Bd3 Nc4 19. Bxc4 Rxc4 20. Ne5 Rc7 21. d5 exd5 22. Ng4 Qc3 23. Nxh6+ Kh7 24. Qf4 Re7 25. e5 Bc8 26. Rc1 Qd3 27. Ng4 Qf5 28. Qxf5+ Bxf5 29. Ne3 Be6 30. Red1 Rd8 31. Rd4 Rdd7 32. f4 g6 33. g4 Rc7 34. Rxc7 Rxc7 35. f5 gxf5 36. gxf5 Bc8 37. Rxd5 Rc3 38. Kf2 Ra3 39. Rd8 Rxa2+ 40. Kf3 Bb7+ 41. Kf4 Ra4+ 42. Kg5 Bf3 43. Rd7 Re4 44. Nd5 Rxe5 45. Nf6+ Kg7 46. Rd8 1-0

[Event "Hilversum-Lyon"]
[Site "Hilversum-Lyon"]
[Date "1993.??.??"]
[Round "2"]
[White "Polugaevsky, Lev A"]
[Black "Anand, Viswanathan"]
[Result "1/2-1/2"]
[WhiteElo "2635"]
[BlackElo "2710"]
[PlyCount "51"]
[EventDate "1993.??.??"]
[Source "www.chesslib.no"]
[SourceDate "2004.05.04"]

1. c4 c5 2. Nf3 Nf6 3. Nc3 e6 4. g3 Nc6 5. Bg2 d5 6. cxd5 Nxd5 7. O-O Be7 8. d4 O-O 9. Nxd5 exd5 10. dxc5 Bxc5 11. Bg5 Qb6 12. Rc1 d4 13. Ne1 Re8 14. Nd3 Bf8 15. Bd2 Bg4 16. Re1 Qa6 17. Nf4 Bd6 18. h3 Bf5 19. Qb3 Bxf4 20. Bxf4 Rad8 21. Rc5 Be4 22. Qb5 Qxb5 23. Rxb5 Bxg2 24. Kxg2 Rd7 25. Kf1 f6 26. Bd2 1/2-1/2

[Event "Japfa Classic"]
[Site "Bali"]
[Date "2000.04.30"]
[Round "8"]
[White "Karpov, Anatoly"]
[Black "Zaw, Win Lay"]
[Result "1/2-1/2"]
[WhiteElo "2696"]
[BlackElo "2633"]
[PlyCount "144"]
[EventDate "2000.04.22"]
[Source "ChessBase"]
[SourceDate "2000.07.27"]

1. Nf3 Nf6 2. c4 e6 3. Nc3 d5 4. d4 c5 5. cxd5 Nxd5 6. e4 Nxc3 7. bxc3 cxd4 8. cxd4 Bb4+ 9. Bd2 Bxd2+ 10. Qxd2 Nc6 11. Bc4 O-O 12. O-O b6 13. Rfe1 Bb7 14. d5 exd5 15. Bxd5 Na5 16. Rad1 Bxd5 17. Qb4 Re8 18. Rxd5 Qe7 19. Qxe7 Rxe7 20. Nd4 Rc8 21. f3 g6 22. Re2 Rc1+ 23. Kf2 Kg7 24. g3 Nc6 25. Nc2 Rc7 26. f4 Ne5 27. Ne3 Nc4 28. Ng2 a6 29. g4 b5 30. e5 Nb6 31. Rd6 R1c6 32. Rdd2 Nc4 33. Rd4 Re7 34. Rd8 g5 35. fxg5 Rxe5 36. h4 Rxe2+ 37. Kxe2 Rd6 38. Rxd6 Nxd6 39. Kd3 f6 40. gxf6+ Kxf6 41. Kd4 Nc4 42. Nf4 Ne5 43. Nd5+ Ke6 44. Nc7+ Kd6 45. Ne8+ Ke6 46. Ng7+ Kf6 47. Ne8+ Ke6 48. Nc7+ Kd6 49. Nxa6 Nxg4 50. Ke4 Nf6+ 51. Kf5 Nd5 52. Kg5 Nc3 53. Nb4 Ne4+ 54. Kh6 Ng3 55. Kg5 Ne4+ 56. Kf5 Ng3+ 57. Kf4 Nh5+ 58. Kg5 Ng3 59. Kf4 Nh5+ 60. Kg4 Nf6+ 61. Kf5 Nh5 62. Nc2 Kc5 63. Ne3 Kd4 64. Nf1 b4 65. Kg5 Ng7 66. Ng3 Kc3 67. Kh6 Ne6 68. Kxh7 Kb2 69. h5 Kxa2 70. Ne4 b3 71. Nd2 b2 72. h6 b1=Q+ 1/2-1/2

[Event "Interzonal"]
[Site "?"]
[Date "1979.??.??"]
[Round "?"]
[White "Karpov, Anatoly"]
[Black "Tal, Mikhail N"]
[Result "1/2-1/2"]
[WhiteElo "2705"]
[BlackElo "2615"]
[PlyCount "62"]
[EventDate "1979.??.??"]
[Source "www.chesslib.no"]
[SourceDate "2004.05.04"]

1. c4 Nf6 2. Nc3 c5 3. Nf3 e6 4. g3 d5 5. cxd5 Nxd5 6. Bg2 Nc6 7. O-O Be7 8. d4 O-O 9. Nxd5 exd5 10. Be3 c4 11. b3 cxb3 12. Qxb3 Na5 13. Qb1 Bg4 14. a4 Rc8 15. Qa2 Nc4 16. Bf4 Qd7 17. Rfb1 f6 18. Qb3 b6 19. h4 Bf5 20. Rc1 Be4 21. Nd2 Bxg2 22. Kxg2 Na5 23. Qb5 Qxb5 24. axb5 Bb4 25. Nf1 Kf7 26. Bd2 Ke6 27. Kf3 Kd7 28. Ke3 Rxc1 29. Rxc1 Ra8 30. Kd3 a6 31. bxa6 Rxa6 1/2-1/2

[Event "Bled (ol) 86/421"]
[Site "?"]
[Date "2002.??.??"]
[Round "?"]
[White "Illescas Cordoba, M."]
[Black "Ivanchuk, V."]
[Result "1/2-1/2"]
[WhiteElo "2585"]
[BlackElo "2709"]
[PlyCount "61"]
[EventDate "2002.??.??"]
[Source "Chess Informant"]
[SourceDate "2002.10.01"]

1. d4 Nf6 2. c4 e6 3. Nf3 d5 4. Nc3 c5 5. cxd5 Nxd5 6. e4 Nxc3 7. bxc3 cxd4 8. cxd4 Bb4+ 9. Bd2 Bxd2+ 10. Qxd2 O-O 11. Bc4 Nd7 12. O-O b6 13. Rfe1 Bb7 14. Rad1 Rc8 15. Bb3 Qf6 16. h3 Rfd8 17. Qe3 h6 18. Nh2 Qe7 19. Nf1 b5 20. d5 Nc5 21. dxe6 fxe6 22. Ng3 Rxd1 23. Rxd1 Kh8 24. Bc2 a5 25. e5 Bd5 26. Nh5 Bxa2 27. Nf4 Kg8 28. Qa3 Bc4 29. Qxa5 Qc7 30. Qc3 Nd7 31. Ng6 1/2-1/2

[Event "Moscow RUS"]
[Site "?"]
[Date "2005.02.16"]
[Round "2"]
[White "Ponomariov Ruslan"]
[Black "Galkin Alexander"]
[Result "1/2-1/2"]
[WhiteElo "2700"]
[BlackElo "2593"]
[PlyCount "63"]
[EventDate "2005.??.??"]
[Source "www.chesslib.no"]
[SourceDate "2004.05.04"]

1. e4 c6 2. d4 d5 3. exd5 cxd5 4. c4 Nf6 5. Nc3 e6 6. Nf3 Be7 7. cxd5 Nxd5 8. Bc4 Nc6 9. O-O O-O 10. Re1 a6 11. Bb3 Nf6 12. Bf4 Na5 13. Bc2 b5 14. d5 exd5 15. Qd3 Nc6 16. Bc7 Qd7 17. Ne5 Nxe5 18. Bxe5 g6 19. Qf3 Qg4 20. Nxd5 Nxd5 21. Qxd5 Be6 22. Qe4 Qxe4 23. Bxe4 Ra7 24. a4 bxa4 25. Rxa4 Bb3 26. Raa1 Rd8 27. Bc3 Bc4 28. Bc6 Rd6 29. Bf3 Bb5 30. Re5 Rad7 31. Rae1 Bf6 32. Re8+ 1/2-1/2

[Event "Corus"]
[Site "Wijk aan Zee"]
[Date "2002.01.24"]
[Round "10"]
[White "Timman, Jan H"]
[Black "Khalifman, Alexander"]
[Result "1/2-1/2"]
[WhiteElo "2605"]
[BlackElo "2688"]
[PlyCount "47"]
[EventDate "2002.01.12"]
[Source "ChessBase"]
[SourceDate "2002.03.21"]

1. Nf3 c5 2. c4 Nf6 3. Nc3 e6 4. g3 d5 5. cxd5 Nxd5 6. Bg2 Nc6 7. d4 Be7 8. O-O O-O 9. e4 Nb6 10. dxc5 Qxd1 11. Rxd1 Bxc5 12. Bf4 f6 13. Rac1 e5 14. Nd5 exf4 15. Rxc5 fxg3 16. hxg3 Bg4 17. Rd2 Rad8 18. Nd4 Nxd4 19. Rxd4 Be6 20. Rc7 Bxd5 21. exd5 Rf7 22. Rxf7 Kxf7 23. d6 Ke6 24. Bxb7 1/2-1/2

[Event "BCF-ch"]
[Site "Hove"]
[Date "1997.08.12"]
[Round "8"]
[White "Miles, Anthony J"]
[Black "Adams, Michael"]
[Result "1/2-1/2"]
[WhiteElo "2600"]
[BlackElo "2680"]
[PlyCount "92"]
[EventDate "1997.08.04"]
[Source "www.chesslib.no"]
[SourceDate "2004.05.04"]

1. Nf3 Nf6 2. c4 e6 3. Nc3 d5 4. d4 c5 5. cxd5 cxd4 6. Nxd4 Nxd5 7. Bd2 Be7 8. e3 O-O 9. Bc4 Nb6 10. Bb3 e5 11. Nf3 Nc6 12. O-O Bg4 13. Ne4 Bf5 14. Bc2 Bg6 15. Ng3 Rc8 16. Bxg6 hxg6 17. Qb3 Qd5 18. Qxd5 Nxd5 19. Rfd1 Rfd8 20. Kf1 f6 21. Ke2 Kf7 22. Ne4 Nb6 23. Be1 Ke6 24. Rxd8 Nxd8 25. Rd1 Nf7 26. Ba5 Rc6 27. Bxb6 Rxb6 28. Rd2 Rc6 29. Kd1 f5 30. Ng3 Bf6 31. Rc2 e4 32. Ne1 Ra6 33. b3 Nd6 34. Ne2 g5 35. h3 g6 36. Rd2 Nb5 37. Rc2 Be5 38. a4 Nd6 39. Rc5 b6 40. Rc6 Kd7 41. Rc1 Ra5 42. Nc2 b5 43. axb5 Nxb5 44. Nb4 Bd6 45. Nc2 Be5 46. Ng3 Bd6 1/2-1/2

[Event "Groningen"]
[Site "Groningen"]
[Date "1994.??.??"]
[Round "10"]
[White "Azmaiparashvili, Zurab"]
[Black "Jussupow, Artur"]
[Result "0-1"]
[WhiteElo "2625"]
[BlackElo "2655"]
[PlyCount "52"]
[EventDate "1994.12.??"]
[Source "ChessBase"]

1. c4 Nf6 2. Nc3 c5 3. Nf3 e6 4. d4 d5 5. cxd5 Nxd5 6. e4 Nxc3 7. bxc3 cxd4 8. cxd4 Bb4+ 9. Bd2 Bxd2+ 10. Qxd2 O-O 11. Rd1 Nc6 12. Bb5 Bd7 13. Rb1 Ne7 14. Bd3 Bc6 15. h4 h6 16. Rh3 f5 17. Rg3 fxe4 18. Qxh6 Nf5 19. Qxe6+ Kh8 20. Rg5 Qe8 21. Bc4 exf3 22. Kd2 Rd8 23. Kc3 Nd6 24. Qe7 Ne4+ 25. Kb3 Nxg5 26. hxg5 fxg2 0-1

[Event "Magyarorszag"]
[Site "?"]
[Date "1997.??.??"]
[Round "?"]
[White "Chernin, A."]
[Black "Portisch, L."]
[Result "1/2-1/2"]
[WhiteElo "2635"]
[BlackElo "2630"]
[PlyCount "52"]
[EventDate "1997.??.??"]
[Source "ChessBase"]
[SourceDate "1997.02.01"]

1. d4 Nf6 2. c4 e6 3. Nf3 d5 4. Nc3 c5 5. cxd5 Nxd5 6. e4 Nxc3 7. bxc3 cxd4 8. cxd4 Bb4+ 9. Bd2 Bxd2+ 10. Qxd2 O-O 11. Bc4 Nc6 12. O-O b6 13. Rad1 Na5 14. Bd3 Bb7 15. Rfe1 Rc8 16. d5 Qe7 17. Qf4 Nc4 18. Bf1 e5 19. Qg3 f6 20. Nh4 Nd6 21. Qa3 g5 22. Nf3 Qc7 23. Rc1 Qb8 24. h4 h6 25. hxg5 hxg5 26. g3 Rxc1 1/2-1/2

[Event "Elenite"]
[Site "Elenite"]
[Date "1993.??.??"]
[Round "9"]
[White "Georgiev, Kiril"]
[Black "Tukmakov, Vladimir B"]
[Result "1/2-1/2"]
[WhiteElo "2660"]
[BlackElo "2600"]
[PlyCount "80"]
[EventDate "1993.??.??"]
[Source "ChessBase"]

1. c4 c5 2. Nf3 Nf6 3. Nc3 d5 4. cxd5 Nxd5 5. g3 Nc6 6. Bg2 e6 7. O-O Be7 8. d4 O-O 9. Nxd5 exd5 10. dxc5 Bxc5 11. Bg5 Qb6 12. Rc1 d4 13. Qc2 Bd6 14. Nd2 Be6 15. Nc4 Bxc4 16. Qxc4 h6 17. Bd2 Qxb2 18. Rfd1 Qb6 19. Be1 Rfd8 20. Bd5 Kf8 21. Bxc6 bxc6 22. Rxd4 c5 23. Rd3 Be7 24. Rb3 Qc6 25. Bc3 Kg8 26. e4 Rd7 27. Ba5 Bf6 28. Bc3 Bd4 29. Bxd4 Qxe4 30. Qxc5 Rxd4 31. Re3 Qd5 32. Qxd5 Rxd5 33. Rc7 Rf5 34. Kg2 a5 35. g4 Rf4 36. Kg3 Ra4 37. a3 Rf8 38. h3 g5 39. Ra7 Kg7 40. Rf3 Kg6 1/2-1/2

[Event "Yerevan ol (Men)"]
[Site "Yerevan"]
[Date "1996.??.??"]
[Round "8"]
[White "Ehlvest, Jaan"]
[Black "Portisch, Lajos"]
[Result "1/2-1/2"]
[WhiteElo "2660"]
[BlackElo "2600"]
[PlyCount "57"]
[EventDate "1996.09.??"]
[Source "www.chesslib.no"]
[SourceDate "2004.05.04"]

1. d4 Nf6 2. Nf3 d5 3. c4 e6 4. Nc3 c5 5. cxd5 Nxd5 6. e4 Nxc3 7. bxc3 cxd4 8. cxd4 Bb4+ 9. Bd2 Bxd2+ 10. Qxd2 O-O 11. Bc4 Nd7 12. O-O b6 13. Rad1 Bb7 14. d5 Nc5 15. dxe6 fxe6 16. Qe3 Qe7 17. Nd4 Kh8 18. f3 Rac8 19. Qa3 Rc7 20. Nb3 e5 21. Nxc5 Rxc5 22. Qd3 Rcc8 23. Bb3 Rfd8 24. Qe3 h6 25. h3 Ba6 26. Rfe1 Bc4 27. Rxd8+ Qxd8 28. Rd1 Qe8 29. Kh2 1/2-1/2

[Event "Reggio Emilia91 Top16"]
[Site "Reggio Emilia"]
[Date "1991.??.??"]
[Round "?"]
[White "Polugaevsky, Lev"]
[Black "Ehlvest, Jaan"]
[Result "1/2-1/2"]
[WhiteElo "2610"]
[BlackElo "2650"]
[PlyCount "30"]
[EventDate "1991.01.??"]
[Source "ChessBase"]

1. Nf3 Nf6 2. c4 c5 3. Nc3 e6 4. g3 Nc6 5. Bg2 d5 6. cxd5 Nxd5 7. O-O Be7 8. d4 O-O 9. Nxd5 exd5 10. dxc5 Bxc5 11. Bg5 Qb6 12. Qxd5 Be6 13. Qd2 h6 14. Be3 Bxe3 15. Qxe3 Qxb2 1/2-1/2

[Event "Amsterdam"]
[Site "?"]
[Date "1994.??.??"]
[Round "?"]
[White "Yusupov, A."]
[Black "van der Sterren, P."]
[Result "1-0"]
[WhiteElo "2655"]
[BlackElo "2605"]
[PlyCount "49"]
[EventDate "1994.??.??"]
[Source "ChessBase"]
[SourceDate "1994.06.01"]

1. d4 d5 2. c4 e6 3. Nc3 Nf6 4. cxd5 Nxd5 5. e4 Nxc3 6. bxc3 c5 7. Nf3 cxd4 8. cxd4 Bb4+ 9. Bd2 Bxd2+ 10. Qxd2 O-O 11. Bd3 Nc6 12. Qc3 Bd7 13. Rb1 Rc8 14. Qd2 Be8 15. d5 exd5 16. exd5 Ne7 17. d6 Ng6 18. Bxg6 hxg6 19. O-O b6 20. Rfe1 Rc5 21. Rbc1 Bc6 22. Rxc5 bxc5 23. Ne5 Qa8 24. f3 Rd8 25. Nxf7 1-0

[Event "Spartakiade tt 8th"]
[Site "Moscow RUS"]
[Date "1983.??.??"]
[Round "9"]
[White "Vaganian, Rafael A"]
[Black "Karpov, Anatoly"]
[Result "1/2-1/2"]
[WhiteElo "2550"]
[BlackElo "2710"]
[PlyCount "33"]
[EventDate "1983.07.??"]
[Source "www.chesslib.no"]
[SourceDate "2004.05.04"]

1. c4 c5 2. Nf3 Nf6 3. Nc3 e6 4. g3 d5 5. cxd5 Nxd5 6. Bg2 Be7 7. O-O O-O 8. d4 Nc6 9. Nxd5 exd5 10. dxc5 Bxc5 11. a3 Bf5 12. b4 Bb6 13. Bb2 Rc8 14. e3 Be4 15. Rc1 Qe7 16. Qb3 Rfd8 17. Rfd1 1/2-1/2

[Event "LXIV Campionato polacco"]
[Site "Opole POL"]
[Date "2007.02.15"]
[Round "7"]
[White "Socko, B."]
[Black "Macieja, B."]
[Result "1/2-1/2"]
[WhiteElo "2629"]
[BlackElo "2629"]
[PlyCount "29"]
[EventDate "2007.02.09"]
[Source "www.chesslib.no"]
[SourceDate "2004.05.04"]

1. d4 Nf6 2. c4 e6 3. Nf3 d5 4. Nc3 c5 5. cxd5 Nxd5 6. e4 Nxc3 7. bxc3 cxd4 8. cxd4 Bb4+ 9. Bd2 Bxd2+ 10. Qxd2 O-O 11. Bc4 b6 12. O-O Bb7 13. Qd3 Nd7 14. Rac1 Qe7 15. Ba6 1/2-1/2

[Event "Bijelo Polje SCG, Boskovic Mem 05"]
[Site "?"]
[Date "2005.10.06"]
[Round "5"]
[White "Delchev Aleksander"]
[Black "Parligras Mircea"]
[Result "1/2-1/2"]
[WhiteElo "2669"]
[BlackElo "2577"]
[PlyCount "31"]
[EventDate "2005.??.??"]
[Source "www.chesslib.no"]
[SourceDate "2004.05.04"]

1. Nf3 c5 2. c4 Nf6 3. Nc3 d5 4. cxd5 Nxd5 5. d4 e6 6. g3 Nc6 7. Bg2 cxd4 8. Nxd4 Nxc3 9. bxc3 Nxd4 10. Qxd4 Qxd4 11. cxd4 Bb4+ 12. Bd2 Bxd2+ 13. Kxd2 Ke7 14. Rhc1 Rd8 15. Rc4 Rd6 16. Rac1 1/2-1/2

[Event "Reggio Emilia91 Top16"]
[Site "Reggio Emilia"]
[Date "1991.??.??"]
[Round "?"]
[White "Ehlvest, Jaan"]
[Black "Ribli, Zoltan"]
[Result "1/2-1/2"]
[WhiteElo "2650"]
[BlackElo "2595"]
[PlyCount "35"]
[EventDate "1991.01.??"]
[Source "ChessBase"]

1. c4 c5 2. Nf3 Nf6 3. Nc3 e6 4. g3 d5 5. cxd5 Nxd5 6. Bg2 Nc6 7. O-O Be7 8. d4 O-O 9. e4 Ndb4 10. dxc5 Bxc5 11. e5 Be7 12. a3 Nd3 13. Qe2 Nxc1 14. Raxc1 Qa5 15. Rfd1 a6 16. Nd4 Nxd4 17. Rxd4 Rb8 18. Rcd1 1/2-1/2

[Event "Active Chess Ch"]
[Site "?"]
[Date "1988.??.??"]
[Round "?"]
[White "Karpov, Anatoly"]
[Black "Alburt, Lev O"]
[Result "1/2-1/2"]
[WhiteElo "2715"]
[BlackElo "2525"]
[PlyCount "63"]
[EventDate "1988.??.??"]
[Source "www.chesslib.no"]
[SourceDate "2004.05.04"]

1. c4 Nf6 2. Nc3 c5 3. Nf3 e6 4. g3 d5 5. cxd5 Nxd5 6. Bg2 Be7 7. O-O O-O 8. d4 Nc6 9. e4 Nxc3 10. bxc3 b6 11. Bf4 Bb7 12. Rc1 Bd6 13. Bg5 Be7 14. Bxe7 Qxe7 15. d5 exd5 16. exd5 Rad8 17. Re1 Qc7 18. Qd3 h6 19. Rcd1 Rd6 20. Nh4 Bc8 21. Re3 Na5 22. Rde1 Qd8 23. Re5 Nc6 24. R5e3 Na5 25. Nf5 Bxf5 26. Qxf5 Rd7 27. Qf4 Nb7 28. Bh3 Rxd5 29. Qa4 Qb8 30. Re7 Rd6 31. Qa6 Nd8 32. Rxa7 1/2-1/2

[Event "Bundesliga 0001"]
[Site "Germany"]
[Date "2001.04.29"]
[Round "15.2"]
[White "Khalifman, Alexander"]
[Black "Ribli, Zoltan"]
[Result "1/2-1/2"]
[WhiteElo "2667"]
[BlackElo "2569"]
[PlyCount "27"]
[EventDate "2000.10.14"]
[Source "ChessBase"]
[SourceDate "2001.07.03"]

1. c4 c5 2. Nf3 Nf6 3. Nc3 Nc6 4. g3 d5 5. d4 e6 6. cxd5 Nxd5 7. Bg2 Be7 8. O-O O-O 9. Nxd5 exd5 10. dxc5 Bxc5 11. Bg5 Qb6 12. Rc1 d4 13. Nd2 Re8 14. Nc4 1/2-1/2

[Event "Liepaja rap"]
[Site "Liepaja"]
[Date "2001.08.03"]
[Round "5"]
[White "Khalifman, Alexander"]
[Black "Dlugy, Maxim"]
[Result "1/2-1/2"]
[WhiteElo "2700"]
[BlackElo "2531"]
[PlyCount "28"]
[EventDate "2001.08.02"]
[Source "ChessBase"]
[SourceDate "2001.11.13"]

1. c4 c5 2. Nf3 Nf6 3. Nc3 e6 4. g3 d5 5. cxd5 Nxd5 6. Bg2 Be7 7. O-O O-O 8. d4 Nc6 9. Nxd5 exd5 10. dxc5 Bxc5 11. Bg5 Qb6 12. Rc1 Qb5 13. Qc2 Bb6 14. a4 Qb4 1/2-1/2

[Event "Mar del Plata ARG"]
[Site "Mar del Plata ARG"]
[Date "1982.??.??"]
[Round "?"]
[White "Panno, Oscar R"]
[Black "Karpov, Anatoly"]
[Result "1/2-1/2"]
[WhiteElo "2510"]
[BlackElo "2720"]
[PlyCount "57"]
[EventDate "1982.??.??"]
[Source "www.chesslib.no"]
[SourceDate "2004.05.04"]

1. c4 c5 2. Nf3 Nf6 3. Nc3 e6 4. g3 Nc6 5. Bg2 d5 6. cxd5 Nxd5 7. O-O Be7 8. d4 O-O 9. Nxd5 exd5 10. dxc5 Bxc5 11. Ne1 d4 12. Nd3 Bb6 13. a4 Re8 14. Bd2 a6 15. Re1 Bf5 16. Nb4 Nxb4 17. Bxb4 Qd7 18. Rc1 Rac8 19. Rxc8 Rxc8 20. Qb3 Be6 21. Qa3 h6 22. Be4 Bd5 23. Bxd5 Qxd5 24. a5 Bd8 25. Rc1 Qc4 26. Rxc4 Bxa5 27. e4 f6 28. Rc2 Bc7 29. Qb3+ 1/2-1/2

[Event "IBM"]
[Site "Amsterdam"]
[Date "1978.??.??"]
[Round "9"]
[White "Ljubojevic, Ljubomir"]
[Black "Hort, Vlastimil"]
[Result "1/2-1/2"]
[WhiteElo "2605"]
[BlackElo "2620"]
[PlyCount "25"]
[EventDate "1978.07.??"]
[Source "ChessBase"]

1. c4 Nf6 2. Nc3 c5 3. Nf3 e6 4. d4 d5 5. cxd5 Nxd5 6. e4 Nxc3 7. bxc3 cxd4 8. cxd4 Nc6 9. Be2 Bb4+ 10. Bd2 Qa5 11. Rb1 Bxd2+ 12. Qxd2 Ke7 13. Bb5 1/2-1/2

[Event "EU-chT (Men)"]
[Site "Pula"]
[Date "1997.??.??"]
[Round "4"]
[White "Van Wely, Loek"]
[Black "Stohl, Igor"]
[Result "1/2-1/2"]
[WhiteElo "2645"]
[BlackElo "2580"]
[PlyCount "40"]
[EventDate "1997.05.05"]
[Source "ChessBase"]

1. Nf3 Nf6 2. c4 c5 3. Nc3 Nc6 4. g3 d5 5. d4 e6 6. cxd5 Nxd5 7. Bg2 Be7 8. O-O O-O 9. e4 Nb6 10. d5 exd5 11. Nxd5 Bg4 12. h3 Nxd5 13. hxg4 Ndb4 14. g5 c4 15. Bd2 Bc5 16. b3 Re8 17. e5 cxb3 18. Qxb3 Qd3 19. Rab1 Rad8 20. Rfc1 Qxb3 1/2-1/2

[Event "Ch Spain (team) (Honor Gr.1)"]
[Site "Lugo (Spain)"]
[Date "2007.06.24"]
[Round "5"]
[White "Krasenkow Michal (POL)"]
[Black "Lopez Martinez Josep Manuel ("]
[Result "1-0"]
[WhiteElo "2661"]
[BlackElo "2563"]
[PlyCount "97"]
[EventDate "2007.??.??"]
[Source "www.chesslib.no"]
[SourceDate "2004.05.04"]

1. Nf3 Nf6 2. c4 e6 3. d4 d5 4. Nc3 c5 5. cxd5 Nxd5 6. e4 Nxc3 7. bxc3 cxd4 8. cxd4 Bb4+ 9. Bd2 Bxd2+ 10. Qxd2 O-O 11. Bc4 b6 12. d5 Na6 13. dxe6 fxe6 14. Qxd8 Rxd8 15. Ke2 Nc5 16. Ke3 Kf7 17. h4 h6 18. h5 Bb7 19. Rh4 Rac8 20. Rf4+ Kg8 21. Ne5 Ba6 22. Rc1 Bxc4 23. Rxc4 Rd1 24. Rd4 Ra1 25. Rd2 Re1+ 26. Re2 Rd1 27. f3 Rcd8 28. Rc2 Re1+ 29. Re2 Red1 30. g4 Nd3 31. Nxd3 R8xd3+ 32. Kf2 R1d2 33. e5 Rxe2+ 34. Kxe2 Ra3 35. Rc4 Rxa2+ 36. Ke3 Ra5 37. Rc8+ Kh7 38. f4 Rc5 39. Re8 Rc6 40. f5 exf5 41. gxf5 b5 42. e6 Rc1 43. Kd4 Re1 44. Ra8 b4 45. Rxa7 Rd1+ 46. Kc4 Rf1 47. e7 Rc1+ 48. Kb3 Rc8 49. f6 1-0